George Washington : fondateur des Etats-Unis, 1732-1799

Αποθηκεύτηκε σε:
Λεπτομέρειες βιβλιογραφικής εγγραφής
Κύριος συγγραφέας: Wilson, Woodrow, 1856-1924
Άλλοι συγγραφείς: Roth, Georges, 1887-1975 (Επιμελητής έκδοσης)
Μορφή: Βιβλίο
Γλώσσα:French
English
Δημοσίευση: Paris : Payot, 1927.
Σειρά:Bibliothèque historique (Payot (Firm : Paris, France))
Θέματα:
Ετικέτες: Προσθήκη ετικέτας
Δεν υπάρχουν, Καταχωρήστε ετικέτα πρώτοι!

MARC

LEADER 00000cam a2200000 i 4500
001 1/10214
008 000830s1927 fr | ||| |||| ||fre||
035 |l 10063351 
040 |a GR-MyUa  |b gre  |e AACR2 
041 1 |a fre  |h eng 
082 7 |a 973.41   |2 (22) 
100 1 |a Wilson, Woodrow,   |d 1856-1924. 
245 1 0 |a George Washington :   |b fondateur des Etats-Unis, 1732-1799 /   |c Woodrow Wilson ; edition Francaise et notes de Georges Roth ; preface de Charles Cestre. 
260 |a Paris :   |b Payot,   |c 1927. 
300 |a 334 σ. ;   |c 17 εκ. 
490 1 |a (Bibliotheque historique) 
600 1 0 |a Washington, George,   |d 1732-1799. 
650 0 0 |a Generals  |z United States  |x Biography. 
650 0 0 |a Presidents  |z United States  |x Biography. 
651 0 |a United States  |x Politics and government. 
700 1 |a Roth, Georges,   |d 1887-1975,  |e edt 
830 0 |a Bibliothèque historique (Payot (Firm : Paris, France)) 
852 |a INST  |b LESVOS  |e 20000830  |h 973.41 WIL  |p 005100021181  |q 005100021181  |t BK  |y 0 
901 |a BIBL1-2000-2 
970 |z 2000/08/ELIDOC